Shared ministry : (Record no. 9020)

MARC details
000 -LEADER
fixed length control field 00898cam a2200265 a 4500
001 - CONTROL NUMBER
control field 507735
003 - CONTROL NUMBER IDENTIFIER
control field GBCCL
005 - DATE AND TIME OF LATEST TRANSACTION
control field 20241126110703.0
008 - FIXED-LENGTH DATA ELEMENTS--GENERAL INFORMATION
fixed length control field 850917s1985 tnuaf b 000 0 eng
010 ## -
-- 85205968
040 ## - CATALOGING SOURCE
Original cataloging agency DLC
Transcribing agency DLC
Modifying agency OCoLC
-- DLC
050 00 -
-- BV4017
-- .S68 1985
082 00 - DEWEY DECIMAL CLASSIFICATION NUMBER
Classification number 253
Edition information 19
Item number STA
100 1# - MAIN ENTRY--PERSONAL NAME
Personal name Stacker, Joe R.
9 (RLIN) 15750
245 10 - TITLE STATEMENT
Title Shared ministry :
Remainder of title a journey toward togetherness in ministry /
Statement of responsibility, etc. Joe R. Stacker and Bruce Grubbs, authors and compilers.
260 ## - PUBLICATION, DISTRIBUTION, ETC.
Place of publication, distribution, etc. Nashville, Tenn. :
Name of publisher, distributor, etc. Convention Press,
Date of publication, distribution, etc. c1985.
300 ## - PHYSICAL DESCRIPTION
Extent 94 p., [1] leaf of plates :
Other physical details ill. ;
Dimensions 20 cm.
440 #2 - SERIES STATEMENT/ADDED ENTRY--TITLE
Title A Shared ministry resource
9 (RLIN) 15751
504 ## - BIBLIOGRAPHY, ETC. NOTE
Bibliography, etc. note Includes bibliographical references.
650 #0 - SUBJECT ADDED ENTRY--TOPICAL TERM
Topical term or geographic name entry element Pastoral theology.
9 (RLIN) 414
650 #0 - SUBJECT ADDED ENTRY--TOPICAL TERM
Topical term or geographic name entry element Group ministry.
9 (RLIN) 4373
700 1# - ADDED ENTRY--PERSONAL NAME
Personal name Grubbs, Bruce.
9 (RLIN) 15752
906 ## - LOCAL DATA ELEMENT F, LDF (RLIN)
a 7
b cbc
c orignew
d 3
e ncip
f 19
g y-gencatlg
942 ## - ADDED ENTRY ELEMENTS (KOHA)
Source of classification or shelving scheme Dewey Decimal Classification
Koha item type Books
Holdings
Withdrawn status Lost status Source of classification or shelving scheme Damaged status Not for loan Home library Current Library Shelving location Date acquired Total checkouts Full call number Barcode Date last seen Copy number Price effective from Koha item type
    Dewey Decimal Classification     GRACE BIBLE COLLEGE GRACE BIBLE COLLEGE Ministry & Mission 2022-02-23   253 STA 005493 2025-05-01 c.1 2022-02-23 Books
© Grace Bible College Library 2025